Migliore portiere AIC - Statistics

Statistiche generali
  • Questo quiz è stato fatto 30 volte
  • Il punteggio medio è 13 su 14
Statistiche sulle risposte
Edizione Nazione Squadra Calciatore % Corretto
1999 Italia Parma Gianluigi Buffon
100%
2001 Italia Parma Gianluigi Buffon
100%
2002 Italia Juventus Gianluigi Buffon
100%
2003 Italia Juventus Gianluigi Buffon
100%
2004 Italia Juventus Gianluigi Buffon
100%
2005 Italia Juventus Gianluigi Buffon
100%
2006 Italia Juventus Gianluigi Buffon
100%
2008 Italia Juventus Gianluigi Buffon
100%
2009 Brasile Inter Júlio César
100%
2010 Brasile Inter Júlio César
100%
1997 Italia Juventus Angelo Peruzzi
82%
1998 Italia Juventus Angelo Peruzzi
82%
2007 Italia Lazio Angelo Peruzzi
82%
2000 Italia Fiorentina Francesco Toldo
71%
Nessun quiz corrispondente trovato
Distribuzione punteggi
Percentuale di utenti per punteggio
Percentile per numero di risposta
I tuoi punteggi nel tempo
Non hai fatto questo quiz